Student study guide to accompany petrcci's general chemistry

Bibliographic Details
Main Author: Wismer, Robert K
Format: Section = Libro
Language:Undetermined
Spanish
Published: New York Macmillan Publishing company 1989
Edition:5a. ed.
Subjects:
LEADER 00559nam a2200205Ia 4500
008 240830s9999 xx 000 0 und d
020 |a 0-02-394792-6 
040 |a CEDOC FIQ-RUSB / 540 W814 
041 |a spa 
082 |a 540 W814 
100 1 |a Wismer, Robert K 
245 1 0 |a Student study guide to accompany petrcci's general chemistry 
250 |a 5a. ed. 
260 |a New York  |b Macmillan Publishing company  |c 1989 
300 |a 383 p.: il. 
650 7 |a QUÍMICA GENERAL 
650 7 |b  CINÉTICA QUÍMICA 
942 |c BK  |2 ddc 
991 |a TEXTO 
999 |c 13794